Stages of the Mesozoic - Statistics

General Stats
  • This quiz has been taken 97 times
  • The average score is 15 of 30
Answer Stats
Age Stage/Age % Correct
66-72 Ma Maastrichtian
87%
152-157 Ma Kimmeridgian
74%
157-164 Ma Oxfordian
70%
72-84 Ma Campanian
65%
94-100 Ma Cenomanian
65%
100-113 Ma Albian
61%
113-125 Ma Aptian
57%
183-191 Ma Pliensbachian
57%
199-201 Ma Hettangian
52%
145-152 Ma Tithonian
52%
166-168 Ma Bathonian
48%
227-237 Ma Carnian
48%
201-209 Ma Rhaetian
48%
84-86 Ma Santonian
48%
191-199 Ma Sinemurian
48%
90-94 Ma Turonian
48%
170-174 Ma Aalenian
43%
168-170 Ma Bajocian
43%
125-129 Ma Barremian
43%
140-145 Ma Berriasian
43%
164-166 Ma Callovian
43%
209-227 Ma Norian
43%
133-140 Ma Valanginian
43%
242-247 Ma Anisian
39%
251-252 Ma Induan
39%
247-251 Ma Olenekian
39%
129-133 Ma Hauterivian
35%
237-242 Ma Ladinian
35%
174-183 Ma Toarcian
35%
86-90 Ma Coniacian
30%
No matching quizzes found
Score Distribution
Percent of People with Each Score
Percentile by Number Answered
Your Score History
You have not taken this quiz